000 00302nam a22001457a 4500
003 SGT
082 _a530 PRA
100 _aPRAKASH,SATYA
245 _aENGINEERING PHYSICS
250 _a12TH
260 _aMEERUT
_bPRAGATI PRAKASHAN
_c2012
300 _a364
650 _aPHYSICS
942 _2ddc
_cFPS
_03
999 _c10055
_d10055